|
|
|
|
| LEADER |
00000naa2a2200000 4500 |
| 001 |
617588 |
| 005 |
20231101132952.0 |
| 035 |
|
|
|a (RuTPU)RU\TPU\conf\15901
|
| 035 |
|
|
|a RU\TPU\conf\15900
|
| 090 |
|
|
|a 617588
|
| 100 |
|
|
|a 20160316d2016 k y0rusy50 ca
|
| 101 |
0 |
|
|a rus
|g rus
|
| 102 |
|
|
|a RU
|
| 105 |
|
|
|a y z 101zy
|
| 135 |
|
|
|a drcn ---uucaa
|
| 181 |
|
0 |
|a i
|
| 182 |
|
0 |
|a b
|
| 200 |
1 |
|
|a Акустическая левитация
|f О. С. Камышникова
|g науч. рук. И. А. Тутов
|
| 203 |
|
|
|a Текст
|c электронный
|
| 225 |
1 |
|
|a Автоматизация и управление в технических системах
|
| 230 |
|
|
|a 1 компьютерный файл (pdf; 696 Кb)
|
| 300 |
|
|
|a Заглавие с титульного экрана
|
| 320 |
|
|
|a [Библиогр.: с. 204 (5 назв.)]
|
| 337 |
|
|
|a Adobe Reader
|
| 461 |
|
1 |
|0 (RuTPU)RU\TPU\conf\15701
|t Молодежь и современные информационные технологии
|o сборник трудов XIII Международной научно-практической конференции студентов, аспирантов и молодых ученых, г. Томск, 9-13 ноября 2015 г.
|o в 2 т.
|f Национальный исследовательский Томский политехнический университет (ТПУ), Институт кибернетики (ИК) ; под ред. Т. Е. Мамоновой [и др.]
|d 2016
|
| 463 |
|
0 |
|0 (RuTPU)RU\TPU\conf\15703
|t Т. 1
|v [С. 203-204]
|d 2016
|
| 610 |
1 |
|
|a труды учёных ТПУ
|
| 610 |
1 |
|
|a электронный ресурс
|
| 610 |
1 |
|
|a левитация
|
| 610 |
1 |
|
|a потенциальные ямы
|
| 610 |
1 |
|
|a колебания
|
| 610 |
1 |
|
|a звуковые волны
|
| 610 |
1 |
|
|a интерференция
|
| 700 |
|
1 |
|a Камышникова
|b О. С.
|
| 702 |
|
1 |
|a Тутов
|b И. А.
|c специалист в области автоматического управления
|c ассистент Томского политехнического университета
|f 1989-
|g Иван Андреевич
|2 stltpush
|4 727
|
| 712 |
0 |
2 |
|a Национальный исследовательский Томский политехнический университет (ТПУ)
|b Институт кибернетики (ИК)
|b Кафедра интегрированных компьютерных систем управления (ИКСУ)
|h 131
|2 stltpush
|3 (RuTPU)RU\TPU\col\18701
|
| 801 |
|
2 |
|a RU
|b 63413507
|c 20160404
|g RCR
|
| 856 |
4 |
|
|u http://earchive.tpu.ru/handle/11683/17134
|
| 942 |
|
|
|c BK
|